Capítulo V. Violencia y políticas públicas hacia los jóvenes: Las pandillas en Nicaragua /
Spremljeno u:
| Glavni autor: | |
|---|---|
| Daljnji autori: | |
| Format: | Tekst |
| Jezik: | Spanish |
| Izdano: |
Guatemala:
Magna Terra
|
| Teme: | |
| Oznake: |
Dodaj oznaku
Bez oznaka, Budi prvi tko označuje ovaj zapis!
|
MARC
| LEADER | 00000 a a2200000 04500 | ||
|---|---|---|---|
| 001 | 33878 | ||
| 003 | cru IIS | ||
| 005 | 20230510111313.0 | ||
| 008 | 230510b |||||||| |||| 00| 0 spa d | ||
| 020 | |a 99939-69-80-X | ||
| 040 | |c CRAI/IIS | ||
| 090 | |a 000M867j | ||
| 100 | |a Rocha, José Luis |9 11306 | ||
| 245 | |a Capítulo V. |b Violencia y políticas públicas hacia los jóvenes: Las pandillas en Nicaragua / |c José Luis Rocha | ||
| 260 | |a Guatemala: |b Magna Terra | ||
| 300 | |a 177-209 p. | ||
| 650 | |a JUVENTUD | ||
| 650 | |a VIOLENCIA | ||
| 650 | |a PANDILLAS | ||
| 650 | |a POLITICAS GUBERNAMENTALES | ||
| 650 | |a NICARAGUA | ||
| 700 | |a ed. | ||
| 942 | |2 ddc |c LI | ||
| 999 | |c 11785 |d 11785 | ||
| 773 | 0 | |0 10368 |9 8896 |a Moro, Javier |d Guatemala: Magna Terra 2006 |o 01789 |t Juventudes, violencia y exclusión: desafíos para las políticas públicas / |w (cru CIDCACS/IIS)33873 |z 99939-69-80-X | |



